Изучения свойств оксидных плёнок, полученных с помощью дуального магнетрона; Перспективы развития фундаментальных наук; Т. 1

Bibliografske podrobnosti
Parent link:Перспективы развития фундаментальных наук: труды VI Международной конференции студентов и молодых ученых, Томск, 26 - 29 мая 2009 г./ Томский политехнический университет (ТПУ) ; под ред. Г. А. Вороновой.— , 2009.— 978-5-98298-544-6
Т. 1.— 2009.— С. 37-39
Glavni avtor: Бумагина А. И. Анна Ивановна
Drugi avtorji: Юрьева А. В. (научный руководитель)
Jezik:ruščina
Izdano: 2009
Teme:
Format: Book Chapter
KOHA link:https://koha.lib.tpu.ru/cgi-bin/koha/opac-detail.pl?biblionumber=198931

MARC

LEADER 00000naa2a2200000 4500
001 198931
005 20231220120414.0
035 |a (RuTPU)RU\TPU\book\216945 
090 |a 198931 
100 |a 20110713d2009 k y0rusy50 ca 
101 0 |a rus 
102 |a RU 
200 1 |a Изучения свойств оксидных плёнок, полученных с помощью дуального магнетрона  |f А. И. Бумагина  |g науч. рук. А. В. Юрьева 
320 |a Библиогр.: 2 назв. 
461 1 |0 (RuTPU)RU\TPU\book\209177  |y 978-5-98298-544-6  |t Перспективы развития фундаментальных наук   |o труды VI Международной конференции студентов и молодых ученых, Томск, 26 - 29 мая 2009 г.  |o в 2 т.  |f Томский политехнический университет (ТПУ) ; под ред. Г. А. Вороновой  |d 2009 
463 0 |0 (RuTPU)RU\TPU\book\208765  |y 978-5-98298-546-0  |t Т. 1  |v С. 37-39  |d 2009  |p 542 с. 
610 1 |a оксидные плёнки 
610 1 |a магнетроны 
610 1 |a дуальные магнетроны 
610 1 |a свойства 
610 1 |a тонкоплёночные покрытия 
610 1 |a распылительные системы 
610 1 |a конструкции 
610 1 |a зависимости 
610 1 |a спектры 
610 1 |a труды учёных ТПУ 
700 1 |a Бумагина  |b А. И.  |c физик  |c младший научный сотрудник Томского политехнического университета  |f 1987-  |g Анна Ивановна  |3 (RuTPU)RU\TPU\pers\32439  |9 16388 
702 1 |a Юрьева  |b А. В.  |4 727 
801 1 |a RU  |b 63413507  |c 20110713 
801 2 |a RU  |b 63413507  |c 20160630  |g RCR 
942 |c BK